02238nam a22004213i 4500001001900000003000600019005001700025006001900042007001500061008004100076020001800117035002600135035002300161035002400184035002200208035002100230035003000251040004100281041001700322050001400339100006500353245005900418246002400477250001900501260004400520300005000564490001900614505011100633520068800744588007201432600008001504650005901584655001801643700003801661942000801699952009401707999001501801991027372699607026UkOxU20251024151007.0m o d | cr cnu||||||||210901s2020 xx o ||||0 eng d a9780760368374 a(CKB)4100000011459570 a(MiAaPQ)EBC6352638 a(Au-PeEL)EBL6352638 a(OCoLC)1202459407 a(Perlego)2065681 a(EXLCZ)994100000011459570 aMiAaPQbengerdaepncMiAaPQdMiAaPQ aenghPersian00aPK6480.E5 aJalāl al-Dīn Rūmī, Maulanad1207-1273926332eauthor14aThe love poems of Rumib/ translated by Nader Khalili. aLove Poems of Rumi  aFirst edition. aNew York, NY :bWellfleet Press,c2020. a128 pages : billustratons (color) ; c21 cm. aTimeless Rumi 0 aAn Introduction to Rumi's Love Poetry — Dancing the Flame — Fountain of Fire — About the Translator. aTranslated by renowned Rumi expert Nader Khalili, over 120 poems about love from the Persian mystic poet and Sufi master have been carefully collected and curated in this beautifully illustrated edition. For more than eight centuries, Jalaluddin Muhammad Balkhi Rumi—commonly referred to simply as Rumi—has enchanted and enthralled readers from every faith and background with his universal themes of love, friendship, and spirituality, which he seamlessly wove into resplendent poetry. The verses herein perfectly express and are centered on the theme of love, along with the quest, desire, and deeper meanings of love for not only ourselves, but also of our fellow humankind. aDescription based on publisher supplied metadata and other sources.00aJalāl al-Dīn Rūmī,cMaulana,d1207-1273vTranslations into English. 0aLove poetry, PersianvTranslations into English926335 0aPoetry923162 aKhalili, Nader926333etranslator 2lcc 00102lcc4070aTBSbTBSd2025-10-24l0oPO-EN RUMpB05687r2025-10-24t1w2025-10-24y1 c5110d5110